01000nam a2200205 a 450000100100000000500170001000800410002704000250006810000410009324501490013424600780028326000620036130000340042349000560045770000480051371000480056183000630060995201050067299900170077700004220020201002040012.0131119s1984 sp g 000 0 spa d aDO-SdBNPbspacBNPHU1 aSelma y Salaverde, Bartolomeo96921310a5 Cannzoni :bpara instrumentos de viento o de cuerda y bajo continuo /cBartolomeo de Selma y Salaverde ; transcripción por Santiago Kastner.10aCinco cannzoni :bpara instrumentos de viento o de cuerda y bajo continuo aBarcelona :bInstituto Español de Musicología,c1984. a72 p. :bpartituras ;c32 cm.1 aMúsica hispanaaSerie C, música de cámarav151 aKastner, Macario Santiagod1908-19929692142 aInstituto Español de Musicología969215 0aMúsica hispanapSerie C, música de cámarav15969216 001050718MOaGRbGRcCTd2013-11-19iLF1l0o p42200-10r2020-06-25w2020-06-25y1ZNo se presta c41689d41689